000 00341 a2200157 4500
001 56484
020 _a8530500199
040 _cAnchieta - Pituba
100 _aColasanti, Marina
240 1 0 _aUm amigo para sempre
_lpor
245 1 0 _aUm amigo para sempre
300 _a15
362 0 _a1998
650 4 _aLiteratura juvenil
942 _cBK
999 _c56484
_d56484